| 000 | 00578nam a2200181Ia 4500 | ||
|---|---|---|---|
| 008 | 100921s9999 xx 000 0 und d | ||
| 082 |
_b2498 _a891.463 थ 73 |
||
| 100 | _aभावे पुरूषोत्तम भास्कर. | ||
| 245 | _aध्यास. | ||
| 260 |
_bकाँन्टीनेंटल बुक सर्व्हीस,पुणे. _c1973 |
||
| 300 |
_a148 _b--- |
||
| 365 | _b8 | ||
| 520 | _aललित-कथा. | ||
| 630 | _aध्यास. | ||
| 650 | _aललित-कथा. | ||
| 730 | _aध्यास. | ||
| 942 | _cBOOK | ||
| 999 |
_c751611 _d751608 |
||